zpět

Detail výsledku týmu

Šnyt, Šternberk

Datum a čas kvízu

30.5 Celkem bodů Celkový počet nahraných bodů na tomto kvízu bez doplňovacích otázek.
5. Pořadí na kvízu Konečné umístění týmu na tomto kvízu.

Zaznamenané odpovědi

# Otázka Odpověď Body Výsledky
1. Europoslanci Pavel Telička a P... 0
2. Část historických královských... 1
3. Jak se jmenuje osmnáctiletá st... 0
4. Zatímco s robotickým vozítkem... 0
5. Martina Sáblíková šokovala sou... 0
7. Kterou barvou je na mapě vyzna... 1
8. Jak se slovy na V a K česky ří... 0
9. Jak se jmenuje jedna z největš... 1
10. Vzhledem k přírodním podmínkám... 0
43. Jaké "zvířecí" jméno má tato k... 1